000 nam a22 7a 4500
999 _c9490
_d9490
008 180201b ||||| |||| 00| 0 eng d
100 _aJharna De
_95683
245 _aLab Manual :Mathematics - VII
260 _aNew Delhi
_bCordova Publication
_c2007